000 00350nam a2200145Ia 4500
008 230917s9999||||xx |||||||||||||| ||und||
040 _e136284
_aMAIN
041 _aEnglish
082 _a333.33 F816R
100 _aFoster, Ray
245 0 _aRealstate ideas from ray foster
260 _aAmerica
_bReston
_c1981
300 _a136p. p.
942 _cBK
999 _c219436
_d219436